[Event "Titled Tuesday intern op 06th Dec Early"]
[Site "Chess.com INT"]
[Date "2022.12.06"]
[Round "4"]
[White "Crevatin, Leo"]
[Black "Liu, Xiangyi"]
[Result "1/2-1/2"]
[WhiteElo "2319"]
[BlackElo "2377"]
[PlyCount "150"]
[EventDate "2022.12.06"]
[EventType "swiss (blitz)"]
[EventRounds "11"]
[EventCountry "USA"]
[SourceTitle "CBM 211 Extra"]
[Source "ChessBase"]
[SourceDate "2023.01.31"]
[SourceVersion "1"]
[SourceVersionDate "2023.01.31"]
[SourceQuality "1"]

1. d4 Nf6 2. Bf4 g6 3. e3 d6 4. h3 Bg7 5. Nf3 0-0 6. Be2 Nfd7 7. 0-0 e5 8. Bh2 Nc6 9. c4 f5 10. Nc3 h6 11. a3 Kh7 12. b4 e4 13. Nd2 g5 14. c5 dxc5 15. bxc5 Nxc5 16. Nb5 Ne6 17. Rc1 a6 18. Nc3 Ne7 19. Nc4 b5 20. Ne5 Bb7 21. Qb3 Rf6 22. a4 c6 23. Rfd1 Nc7 24. f3 exf3 25. Bxf3 Ncd5 26. e4 Nxc3 27. Rxc3 f4 28. Kh1 Rb8 29. Bg1 Ba8 30. Ng4 Rd6 31. Rcd3 h5 32. Ne5 Qe8 33. Qb4 Rh6 34. Be2 g4 35. Qd2 f3 36. gxf3 gxh3 37. f4 Ng6 38. Rxh3 c5 39. Bf3 cxd4 40. Nxg6 Qxg6 41. e5 Bxf3+ 42. Rxf3 Qe4 43. Qd3 Qxd3 44. Rfxd3 bxa4 45. Rxd4 a3 46. Ra4 Rb3 47. Bh2 Bf8 48. f5 Rhb6 49. e6 Rb1 50. Rxb1 Rxb1+ 51. Kg2 Rb2+ 52. Kh3 Be7 53. Be5 Rb3+ 54. Kg2 Re3 55. Bd4 Re2+ 56. Kf3 Rd2 57. f6 Rd3+ 58. Ke4 Rxd4+ 59. Kxd4 Bxf6+ 60. Kd5 Be7 61. Rxa6 Kg6 62. Kc6 Kf6 63. Kd7 h4 64. Ra4 h3 65. Rf4+ Ke5 66. Rf1 Bc5 67. e7 Bxe7 68. Kxe7 h2 69. Rh1 a2 70. Kd7 Kf4 71. Kc6 Kg3 72. Ra1 Kf3 73. Kd5 Kg2 74. Rxa2+ Kg1 75. Rxh2 Kxh2 1/2-1/2

[Event "Titled Tuesday intern op 06th Dec Early"]
[Site "Chess.com INT"]
[Date "2022.12.06"]
[Round "6"]
[White "Ismayil, Malak"]
[Black "Liu, Xiangyi"]
[Result "0-1"]
[WhiteElo "2002"]
[BlackElo "2377"]
[PlyCount "36"]
[EventDate "2022.12.06"]
[EventType "swiss (blitz)"]
[EventRounds "11"]
[EventCountry "USA"]
[SourceTitle "CBM 211 Extra"]
[Source "ChessBase"]
[SourceDate "2023.01.31"]
[SourceVersion "1"]
[SourceVersionDate "2023.01.31"]
[SourceQuality "1"]

1. e4 c5 2. Nf3 e6 3. g3 h5 4. h4 Nf6 5. Bg2 Ng4 6. d3 Nc6 7. Nc3 a6 8. Bg5 f6 9. Bd2 b5 10. a3 Rb8 11. Qe2 Qb6 12. e5 Ncxe5 13. Nxe5 Nxe5 14. f4 Ng4 15. f5 Bd6 16. 0-0-0 b4 17. Nb1 bxa3 18. Nxa3 Qxb2# 0-1

[Event "Titled Tuesday intern op 06th Dec Early"]
[Site "Chess.com INT"]
[Date "2022.12.06"]
[Round "8"]
[White "Lehtosaari, Mauri"]
[Black "Liu, Xiangyi"]
[Result "0-1"]
[WhiteElo "2188"]
[BlackElo "2377"]
[PlyCount "104"]
[EventDate "2022.12.06"]
[EventType "swiss (blitz)"]
[EventRounds "11"]
[EventCountry "USA"]
[SourceTitle "CBM 211 Extra"]
[Source "ChessBase"]
[SourceDate "2023.01.31"]
[SourceVersion "1"]
[SourceVersionDate "2023.01.31"]
[SourceQuality "1"]

1. d4 Nf6 2. Nf3 b6 3. Bg5 Ne4 4. Bf4 Bb7 5. Nbd2 d5 6. e3 Nd7 7. Nxe4 dxe4 8. Nd2 e6 9. Bc4 Bd6 10. Qg4 Nf6 11. Qh4 h6 12. h3 Qd7 13. a4 0-0-0 14. Bxd6 cxd6 15. Bb5 Qc7 16. 0-0 g5 17. Qg3 Nh5 18. Qg4 Ng7 19. Qg3 Nf5 20. Qh2 a6 21. Be2 h5 22. Rfc1 Rdg8 23. c4 g4 24. hxg4 hxg4 25. Qf4 f6 26. Bxg4 Rh4 27. Bxf5 Rxf4 28. Bxe6+ Kb8 29. Bxg8 Rg4 30. Be6 Rg5 31. Bh3 a5 32. c5 dxc5 33. Nc4 Ka7 34. Na3 Ba6 35. Rc2 Qh7 36. Kh2 cxd4 37. Rac1 Rg7 38. exd4 Qh6 39. Rc7+ Rxc7 40. Rxc7+ Kb8 41. Rc6 Kb7 42. Re6 Qf4+ 43. Kg1 Qc1+ 44. Kh2 Qxb2 45. Re7+ Kc6 46. Nb5 Bxb5 47. axb5+ Kxb5 48. Rxe4 a4 49. Bd7+ Ka5 50. d5 b5 51. d6 Qd2 52. Re7 Qxd6+ 0-1

[Event "Titled Tuesday intern op 06th Dec Early"]
[Site "Chess.com INT"]
[Date "2022.12.06"]
[Round "7"]
[White "Liu, Xiangyi"]
[Black "Kleiman, Jake"]
[Result "0-1"]
[WhiteElo "2377"]
[BlackElo "2399"]
[PlyCount "112"]
[EventDate "2022.12.06"]
[EventType "swiss (blitz)"]
[EventRounds "11"]
[EventCountry "USA"]
[SourceTitle "CBM 211 Extra"]
[Source "ChessBase"]
[SourceDate "2023.01.31"]
[SourceVersion "1"]
[SourceVersionDate "2023.01.31"]
[SourceQuality "1"]

1. e4 e5 2. Nf3 Nc6 3. Bc4 Bc5 4. 0-0 Nf6 5. d3 0-0 6. c3 d5 7. exd5 Nxd5 8. h3 Bf5 9. Bg5 Qd7 10. b4 Bb6 11. b5 Na5 12. Nxe5 Qd6 13. Nf3 Nf4 14. Bxf4 Qxf4 15. Nbd2 Rad8 16. d4 Rd6 17. g3 Qh6 18. h4 c6 19. bxc6 Rxc6 20. Ne5 Rc7 21. Rc1 Rfc8 22. Bxf7+ Rxf7 23. Nxf7 Kxf7 24. Qf3 Qg6 25. Ne4 Kg8 26. Nd6 Rf8 27. Nxf5 Rxf5 28. Qe4 h6 29. Rce1 Kh7 30. g4 Rf6 31. h5 Qxe4 32. Rxe4 Rc6 33. Rc1 Nc4 34. Kg2 Bd8 35. f4 Bf6 36. Re2 Nd6 37. Rec2 b5 38. Kf3 a5 39. Rg2 Bxd4 40. Rgc2 Bf6 41. Ke3 a4 42. Kf3 Rc4 43. Rg1 Ne4 44. Re2 Nxc3 45. g5 Nxe2 46. Kxe2 hxg5 47. fxg5 Be5 48. Rg2 Re4+ 49. Kf3 Rb4 50. Re2 Rf4+ 51. Kg3 Re4+ 52. Kf3 Rxe2 53. Kxe2 b4 54. Kd3 b3 55. axb3 axb3 56. Kd2 Kg8 0-1

[Event "Titled Tuesday intern op 06th Dec Early"]
[Site "Chess.com INT"]
[Date "2022.12.06"]
[Round "5"]
[White "Liu, Xiangyi"]
[Black "Ovchinnikov, Vsevolod"]
[Result "0-1"]
[WhiteElo "2377"]
[BlackElo "2426"]
[PlyCount "200"]
[EventDate "2022.12.06"]
[EventType "swiss (blitz)"]
[EventRounds "11"]
[EventCountry "USA"]
[SourceTitle "CBM 211 Extra"]
[Source "ChessBase"]
[SourceDate "2023.01.31"]
[SourceVersion "1"]
[SourceVersionDate "2023.01.31"]
[SourceQuality "1"]

1. e4 g6 2. Nf3 Bg7 3. Bc4 d6 4. 0-0 Nf6 5. Re1 0-0 6. Nc3 Bg4 7. h3 Bxf3 8. Qxf3 Nc6 9. Qd1 Nd7 10. a4 e6 11. Ne2 Qf6 12. Ra3 a6 13. Ng3 h5 14. c3 h4 15. Nf1 Na5 16. Be2 c5 17. Ne3 Rfd8 18. Rf1 Nc6 19. f4 Qe7 20. Qe1 Re8 21. Bf3 Rad8 22. d3 Nb6 23. Qf2 a5 24. Bd2 d5 25. exd5 Nxd5 26. Nxd5 exd5 27. Raa1 Bf6 28. Rfe1 Qd6 29. Rxe8+ Rxe8 30. Re1 Rxe1+ 31. Qxe1 Ne7 32. Bg4 b6 33. Qe2 Kg7 34. Be1 Nf5 35. Qf3 Qe6 36. Bf2 Qd6 37. Bxf5 gxf5 38. Kf1 Kg6 39. g3 hxg3 40. Qxg3+ Kh7 41. h4 Qe6 42. Qf3 Kg6 43. Qg2+ Kh7 44. h5 Be7 45. Qh3 Kh6 46. Bh4 Bxh4 47. Qxh4 f6 48. Kf2 d4 49. Qg3 Kxh5 50. Qf3+ Kg6 51. c4 Kf7 52. Kg2 Kg6 53. Kh3 Kh6 54. Kh4 Kg7 55. Qg3+ Kh7 56. Qh2 Kg6 57. Qg3+ Kh7 58. Qf3 Kg6 59. Kg3 Kg7 60. Kf2 Kf8 61. Qb7 Kg8 62. Kf1 Kf8 63. Qc7 Ke8 64. b3 Kf8 65. Qh7 Ke8 66. Qh8+ Ke7 67. Qh3 Kf8 68. Qf3 Kg7 69. Kg2 Kh7 70. Kh3 Kh6 71. Qg3 Kh7 72. Qh4+ Kg6 73. Qg3+ Kf7 74. Qf3 Kg6 75. Kh4 Kh6 76. Kg3 Kg7 77. Kg2 Kg6 78. Qd5 Qe2+ 79. Kg1 Qe3+ 80. Kg2 Qd2+ 81. Kg1 Qe1+ 82. Kg2 Qe2+ 83. Kg1 Qe3+ 84. Kg2 Qxf4 85. Qg8+ Kh5 86. Qh7+ Qh6 87. Qc7 Qg5+ 88. Kh2 Kg4 89. Qg3+ Kh5 90. Qd6 Kh4 91. Qc7 Qd2+ 92. Kg1 Qe1+ 93. Kg2 Qe2+ 94. Kg1 Qe3+ 95. Kg2 Qd2+ 96. Kg1 Qg5+ 97. Kh2 Kh5 98. Kh1 f4 99. Qh7+ Kg4 100. Kg2 f3+ 0-1